000 00258nam a2200109Ia 4500
008 230320s9999||||xx |||||||||||||| ||spa||
082 _a540.83/N36
100 _aNegro Fernandez, A
245 0 _aQuimica Practica Basica
260 _bALHAMBRA
942 _80
_cLIB
999 _c29540
_d29540